000 00663nam a22002057a 4500
003 GBCCL
005 20260319120422.0
008 260319b |||||||| |||| 00| 0 eng d
020 _a9780913573884
020 _a0913573884
040 _cGBC
082 _a221.7
_bKEL 1
245 _aJeremiah, Lamentations /
_cCarl Friedrich Keil, Franz Delitzsch
260 _aPeabody, Mass.,
_bHendrickson Publishers,
_c2011
300 _avii, 541 pages ;
_c23 cm
490 _a Commentary on the Old Testament / by C.F. Keil and F. Delitzsch,
_v8
650 _aBible.
_vJeremiah
_xCommentaries
650 _aBible.
_vLamentations
_xCommentaries
942 _2ddc
_cREF
_n0
999 _c11185
_d11185